Морфологическая изменчивость и полиморфизм белков эндосперма и гистона H1 у типичных и отклоняющихся природных форм Elymus caninus (L.) L. (Poaceae); Сибирский экологический журнал; № 1

Sonraí bibleagrafaíochta
Parent link:Сибирский экологический журнал: научный журнал/ Российская академия наук (РАН), Сибирское отделение (СО).— , 1995-.— 0869-8619
№ 1.— 2003.— С. 17-27
Príomhchruthaitheoir: Агафонов А. В.
Rannpháirtithe: Костина Е. В.
Teanga:Rúisis
Foilsithe / Cruthaithe: 2003
Ábhair:
Formáid: Caibidil leabhair
KOHA link:https://koha.lib.tpu.ru/cgi-bin/koha/opac-detail.pl?biblionumber=385196

MARC

LEADER 00000naa2a2200000 4500
001 385196
005 20231101063337.0
035 |a (RuTPU)RU\TPU\prd\12810 
090 |a 385196 
100 |a 20030418a2003 k y0rusy50 ca 
101 0 |a rus 
102 |a RU 
200 1 |a Морфологическая изменчивость и полиморфизм белков эндосперма и гистона H1 у типичных и отклоняющихся природных форм Elymus caninus (L.) L. (Poaceae)  |f А. В. Агафонов, Е. В. Костина 
320 |a Библиогр.: 16 назв. 
461 1 |0 (RuTPU)RU\TPU\prd\1754  |x 0869-8619  |t Сибирский экологический журнал  |o научный журнал  |f Российская академия наук (РАН), Сибирское отделение (СО)  |d 1995- 
463 1 |0 (RuTPU)RU\TPU\prd\12661  |t № 1  |v С. 17-27  |d 2003 
610 1 |a морфология 
610 1 |a изменчивость 
610 1 |a полиморфизм 
610 1 |a белок 
610 1 |a злаки 
675 |a 581.15:633.2  |v 3 
675 |a 581.15:582.542  |v 3 
700 1 |a Агафонов  |b А. В. 
701 1 |a Костина  |b Е. В. 
801 1 |a RU  |b 63413507  |c 20030418  |g PSBO 
801 2 |a RU  |b 63413507  |c 20131209  |g PSBO 
942 |c BK